|
|
|
|
| LEADER |
00000cam a22000004a 4500 |
| 001 |
musev2_67906 |
| 003 |
MdBmJHUP |
| 005 |
20230905051003.0 |
| 006 |
m o d |
| 007 |
cr||||||||nn|n |
| 008 |
190810t20192019nyu o 00 0 eng d |
| 020 |
|
|
|a 9780823285365
|
| 020 |
|
|
|z 0823285367
|
| 035 |
|
|
|a (OCoLC)1111487929
|
| 040 |
|
|
|a MdBmJHUP
|c MdBmJHUP
|
| 100 |
1 |
|
|a Inniss, Lolita Buckner,
|e author.
|
| 245 |
1 |
4 |
|a The Princeton Fugitive Slave :
|b The Trials of James Collins Johnson /
|c Lolita Buckner Inniss.
|
| 264 |
|
1 |
|a New York :
|b Empire State Editions, an imprint of Fordham University Press,
|c 2019.
|
| 264 |
|
3 |
|a Baltimore, Md. :
|b Project MUSE,
|c 2019
|
| 264 |
|
4 |
|c ©2019.
|
| 300 |
|
|
|a 1 online resource (272 pages):
|b illustrations
|
| 336 |
|
|
|a text
|b txt
|2 rdacontent
|
| 337 |
|
|
|a computer
|b c
|2 rdamedia
|
| 338 |
|
|
|a online resource
|b cr
|2 rdacarrier
|
| 505 |
0 |
0 |
|t Frontmatter --
|t Contents --
|t Preface --
|t Timeline --
|t Introduction --
|t 1 James Collins of Maryland, and His Escape from Slavery --
|t 2 Princeton Slavery, Princeton Freedom --
|t 3 The Betrayal and Arrest of James Collins Johnson --
|t 4 The Fugitive Slave Trial of James Collins Johnson --
|t 5 The Rescue of James Collins Johnson --
|t 6 Johnson's Princeton Life after the Trial --
|t Conclusion --
|t Acknowledgments --
|t Notes --
|t Bibliography --
|t Index
|
| 520 |
|
|
|a James Collins Johnson was an escaped slave working at Princeton University in 1843 when he was arrested and tried as a fugitive. Though convicted and slated for return to slavery, he was redeemed by a local white woman. Johnson became one of the best-known vendors at Princeton over his six-decade career. This book challenges this uncomplicated account of Johnson's life.
|
| 588 |
|
|
|a Description based on print version record.
|
| 600 |
1 |
0 |
|a Johnson, James Collins,
|d 1816-1902
|x Trials, litigation, etc.
|
| 600 |
1 |
0 |
|a Johnson, James Collins,
|d 1816-1902.
|
| 610 |
2 |
7 |
|a Princeton University.
|2 fast
|0 (OCoLC)fst00532857
|
| 610 |
2 |
7 |
|a College of New Jersey (Princeton, N.J.)
|2 fast
|0 (OCoLC)fst00588599
|
| 610 |
2 |
0 |
|a College of New Jersey (Princeton, N.J.)
|x History.
|
| 650 |
|
7 |
|a Slavery.
|2 fast
|0 (OCoLC)fst01120426
|
| 650 |
|
7 |
|a Fugitive slaves
|x Legal status, laws, etc.
|2 fast
|0 (OCoLC)fst00935943
|
| 650 |
|
7 |
|a African Americans
|x Legal status, laws, etc.
|2 fast
|0 (OCoLC)fst00799632
|
| 650 |
|
7 |
|a African Americans.
|2 fast
|0 (OCoLC)fst00799558
|
| 650 |
|
7 |
|a SOCIAL SCIENCE
|x Slavery.
|2 bisacsh
|
| 650 |
|
6 |
|a Noirs americains
|z New Jersey
|z Princeton
|v Biographies.
|
| 650 |
|
0 |
|a Slavery
|z Maryland
|x History
|y 19th century.
|
| 650 |
|
0 |
|a Slavery
|z New Jersey
|x History
|y 19th century.
|
| 650 |
|
0 |
|a African Americans
|x Legal status, laws, etc.
|z New Jersey
|x History.
|
| 650 |
|
0 |
|a African Americans
|z New Jersey
|z Princeton
|v Biography.
|
| 650 |
|
0 |
|a Fugitive slaves
|x Legal status, laws, etc.
|z New Jersey.
|
| 651 |
|
7 |
|a New Jersey.
|2 fast
|0 (OCoLC)fst01208379
|
| 651 |
|
7 |
|a Maryland.
|2 fast
|0 (OCoLC)fst01204739
|
| 651 |
|
7 |
|a New Jersey
|z Princeton.
|2 fast
|0 (OCoLC)fst01204939
|
| 655 |
|
7 |
|a History.
|2 fast
|0 (OCoLC)fst01411628
|
| 655 |
|
7 |
|a Biographies.
|2 fast
|0 (OCoLC)fst01919896
|
| 655 |
|
7 |
|a Trials, litigation, etc.
|2 fast
|0 (OCoLC)fst01423712
|
| 655 |
|
7 |
|a Electronic books.
|2 local
|
| 710 |
2 |
|
|a Project Muse.
|e distributor
|
| 830 |
|
0 |
|a Book collections on Project MUSE.
|
| 856 |
4 |
0 |
|z Texto completo
|u https://projectmuse.uam.elogim.com/book/67906/
|
| 945 |
|
|
|a Project MUSE - Custom Collection
|
| 945 |
|
|
|a Project MUSE - 2019 Complete
|
| 945 |
|
|
|a Project MUSE - 2019 US Regional Studies, New England and Mid Atlantic
|
| 945 |
|
|
|a Project MUSE - 2019 American Studies
|